[Event "TOP 12 Feminin 2017"]

[Site "Mulhouse"]

[Date "2017.5.6"]

[Round "2.2"]

[White "Navrotescu,Andreea"]

[Black "Haussernot,Cecile"]

[Result "1-0"]

[WhiteElo "2208"]
[BlackElo "2099"]

[EventDate "2017.??.??"]
[WhiteTeam "Sautron"]
[BlackTeam "Mulhouse"]



1. Nf3 c5 2. c4 Nc6 3. g3 g6 4. Bg2 Bg7 5. Nc3 e5 6. O-O Nge7 7. Ne1 f5 8. Nc2
f4 9. Rb1 h5 10. b4 fxg3 11. fxg3 cxb4 12. Nd5 Nf5 13. e4 Nfd4 14. Nxd4 Nxd4
15. d3 d6 16. Rf2 Bg4 17. Qf1 h4 18. Rxb4 b6 19. Rbb2 Qd7 20. Bg5 hxg3 21. hxg3
Ne6 22. Bf6 O-O 23. Bh3 Nf4 24. Ne7+ Kf7 25. Bg5 Bxh3 26. Qd1 Bg4 27. Qf1 Ke8
28. gxf4 exf4 29. Nxg6 Bh3 30. Nxf8 Qg4+ 31. Rg2 Bd4+ 32. Kh1 Bxg2+ 33. Qxg2
Qd1+ 34. Kh2 Qh5+ 35. Qh3 Qxh3+ 36. Kxh3 Bxb2 37. Ne6 Kd7 38. Nxf4 Bc1 39. Kg4
Rg8 40. a4 d5 41. cxd5 Kd6 42. d4 Be3 43. e5+ Kd7 44. Kf5 Bxd4 45. Bf6 Be3 46.
Ng6 a6 47. e6+ Kd6 48. Be5+ Kc5 49. d6 Ra8 50. e7 Kc6 51. Ke6 Bc5 52. d7 Bxe7
53. Nxe7+ Kb7 54. Kd6 b5 55. a5 b4 56. Nc6 b3 57. d8=Q 1-0

[Event "TOP 12 Feminin 2017"]

[Site "Mulhouse"]

[Date "2017.5.6"]

[Round "2.4"]

[White "Soubirou,Oriane"]

[Black "Choisy,Mathilde"]

[Result "1/2-1/2"]

[WhiteElo "2106"]
[BlackElo "2153"]

[EventDate "2017.??.??"]
[WhiteTeam "Sautron"]
[BlackTeam "Mulhouse"]

1. e4 c5 2. Nc3 d6 3. f4 g6 4. Nf3 Bg7 5. Bc4 Nc6 6. O-O e6 7. f5 gxf5 8. d3
Nge7 9. Ng5 Ne5 10. exf5 exf5 11. Qh5 N7g6 12. Bb5+ Kf8 13. Bc4 Nxc4 14. dxc4
h6 15. Nge4 Be6 16. Ng3 Qh4 17. Qf3 Bd4+ 18. Kh1 Ne5 19. Qh5 Qxh5 20. Nxh5 Nxc4
21. Ng3 Re8 22. Bf4 Be5 23. Bxe5 Nxe5 24. Nxf5 Bxf5 25. Rxf5 Kg7 26. Raf1 a6
27. Ne4 Rd8 28. Nxd6 Rxd6 29. Rxe5 Rhd8 30. h3 b6 31. Ref5 R8d7 1/2-1/2

[Event "TOP 12 Feminin 2017"]

[Site "Mulhouse"]
[Date "2017.5.6"]

[Round "2.2"]
[White "Bensdorf,Marlies"]

[Black "Bellaiche,Elise"]

[Result "1/2-1/2"]

[WhiteElo "2237"]
[BlackElo "2063"]

[EventDate "2017.??.??"]
[WhiteTeam "Cannes"]
[BlackTeam "Villepinte"]



1. d4 e6 2. c4 Nf6 3. Nf3 Bb4+ 4. Nbd2 b6 5. g3 Bb7 6. Bg2 O-O 7. O-O Be7 8.
Qc2 c5 9. dxc5 bxc5 10. b3 Nc6 11. Bb2 h6 12. Rfd1 Qc7 13. Rac1 Rfd8 14. Qb1
Rac8 15. h3 Qb6 16. Qa1 d5 17. cxd5 exd5 18. Nf1 Ba6 19. e3 Rd7 20. Ne5 Nxe5
21. Bxe5 Rcd8 22. Nd2 Ne8 23. Nb1 Bf6 24. Bxf6 Nxf6 25. Nc3 c4 26. Rd4 Qa5 27.
Qb2 Rc8 28. b4 Qd8 29. Rcd1 Bb7 30. Qd2 Qe7 31. a3 Rcd8 32. Na4 Rc7 33. e4 Rdc8
34. exd5 c3 35. Qc2 Qd6 36. Nc5 Nd7 37. Ne4 Qa6 38. d6 Rc4 39. a4 Rxd4 40. Rxd4
Bxe4 41. Bxe4 Qb6 42. Rd1 Qxb4 43. Bh7+ Kh8 44. Bf5 Rd8 45. Rd3 Ne5 46. Rxc3
Qxd6 47. Be4 g6 48. Rc7 Rd7 49. Rc8+ Kh7 50. Kg2 Qd4 51. Re8 Nc4 52. Qb3 Nd6
53. Bxg6+ Kxg6 54. Rg8+ Kf6 55. Rg4 Qe5 56. Qf3+ Ke7 57. Qc6 h5 58. Rf4 Kd8 59.
Qa8+ Nc8 60. Kh2 Qc5 61. Qf3 Nd6 62. Qd3 Ne8 63. Qf3 Nd6 64. Qa8+ Nc8 65. Qf3
Nd6 66. Rh4 Qf5 67. Rf4 Qc5 68. Rh4 Qf5 1/2-1/2

[Event "TOP 12 Feminin 2017"]

[Site "Mulhouse"]

[Date "2017.5.6"]

[Round "2.3"]

[White "Ionutiu,Adela"]

[Black "Verot,Melanie"]

[Result "1-0"]

[WhiteElo "1899"]
[BlackElo "2047"]

[EventDate "2017.??.??"]
[WhiteTeam "Villepinte"]
[BlackTeam "Cannes"]



1. e4 c5 2. Nf3 e6 3. d4 cxd4 4. Nxd4 Nf6 5. Nc3 d6 6. Be3 a6 7. a4 b6 8. Be2
Nbd7 9. Nb3 Bb7 10. f3 d5 11. exd5 Nxd5 12. Nxd5 Bxd5 13. c4 Bxc4 14. Bxc4 Qh4+
15. Ke2 Qxc4+ 16. Qd3 Qxd3+ 17. Kxd3 Be7 18. Rac1 O-O 19. Rc7 Rfd8 20. Ke2 Bf6
21. Rd1 Nc5 22. Bxc5 Rxd1 23. Kxd1 bxc5 24. Kc2 Be5 25. Rc6 Bxh2 26. Nxc5 a5
27. Nb3 Kf8 28. Rc5 Bg1 29. Rxa5 Rc8+ 30. Kd3 Ke7 31. Rh5 h6 32. Rh4 f5 33. Rc4
Rb8 34. Kc2 g5 35. a5 Ra8 36. Kc3 h5 37. Ra4 Kd6 38. Nd2 g4 39. Ra1 Bf2 40. Rh1
gxf3 41. gxf3 Kd5 42. b4 h4 43. Kd3 Bg3 44. Nc4 Kc6 45. Nb6 Rd8+ 46. Kc4 e5 47.
b5+ Kb7 48. Nd5 Rc8+ 49. Kb4 Rd8 50. Rd1 Rh8 51. a6+ Ka7 52. Ka5 e4 53. b6+ Kb8
54. Ne7 exf3 55. a7+ Kb7 56. Rd7+ Ka8 57. Ka6 Rb8 58. axb8=Q+ 1-0

[Event "TOP 12 Feminin 2017"]

[Site "Mulhouse"]

[Date "2017.5.6"]

[Round "2.1"]

[White "Vega Guttierez,Sabrina"]

[Black "Savina,Anastasia"]

[Result "1-0"]

[WhiteElo "2413"]
[BlackElo "2364"]

[EventDate "2017.??.??"]
[WhiteTeam "Evry"]
[BlackTeam "Vandoeuvre"]

1. d4 Nf6 2. c4 g6 3. Nc3 Bg7 4. e4 d6 5. Nf3 O-O 6. h3 e5 7. d5 a5 8. Be3 Na6
9. g4 Nd7 10. a3 Nb6 11. Qc2 Nc5 12. O-O-O Bd7 13. Bxc5 dxc5 14. Kb1 Nc8 15.
Qd2 Ra6 16. Rg1 Qe7 17. Be2 Rf6 18. Qe3 b6 19. Bd3 Nd6 20. Ne2 b5 21. g5 Rxf3
22. Qxf3 f5 23. gxf6 Rxf6 24. Qe3 bxc4 25. Bc2 Nb5 26. Ba4 Nd4 27. Bxd7 Qxd7
28. Rg3 Bh6 29. Qxh6 Nxe2 30. Qg5 Rxf2 31. Qxe5 Nxg3 32. Qxg3 Qf7 33. Rc1 Qf6
34. Qc3 Kf7 35. e5 Qf5+ 36. Ka2 Qd3 37. e6+ Ke8 38. Qh8+ Rf8 39. Qxh7 Qxd5 40.
Qxg6+ Kd8 41. Rc3 Re8 42. Qf6+ Kc8 43. e7 Kd7 44. Qa6 Rxe7 45. Qb5+ Kc8 46.
Qxa5 Re4 47. Qa6+ Kb8 48. Qb5+ Kc8 49. a4 Rd4 50. a5 Rd3 51. a6 Rxc3 52. Qe8+
1-0

[Event "TOP 12 Feminin 2017"]

[Site "Mulhouse"]

[Date "2017.5.6"]

[Round "2.2"]

[White "Steil-Antoni,Fiona"]
[Black "Milliet,Sophie"]

[Result "1-0"]

[WhiteElo "2155"]
[BlackElo "2347"]

[EventDate "2017.??.??"]
[WhiteTeam "Vandoeuvre"]
[BlackTeam "Evry"]



1. e4 c5 2. c3 Nf6 3. e5 Nd5 4. d4 cxd4 5. Qxd4 e6 6. Bd3 Nc6 7. Qe4 b6 8. Nf3
Bb7 9. O-O Qc7 10. a4 Nde7 11. Qe2 Ng6 12. Re1 f6 13. Bxg6+ hxg6 14. Bf4 Rh5
15. Bg3 fxe5 16. Nh4 Rg5 17. Nd2 O-O-O 18. Ndf3 Rh5 19. Nxg6 d6 20. b4 Rh6 21.
Nxf8 Rxf8 22. Qd2 Ne7 23. Ng5 Nf5 24. Rad1 Qc6 25. f3 Rg6 26. Bf2 Qc4 27. a5
Rh8 28. axb6 axb6 29. Re4 Qc7 30. Rg4 Rh5 31. h4 d5 32. c4 d4 33. c5 bxc5 34.
bxc5 Bd5 35. Rb1 Kd7 36. c6+ Bxc6 37. Rc1 Nd6 38. Bg3 Ne8 39. Nf7 Rxg4 40. fxg4
Ke7 41. gxh5 Kxf7 42. Qc2 d3 43. Qxd3 Qa7+ 44. Bf2 Qd7 45. Qg6+ Kg8 46. h6 Kh8
47. Be3 Qd5 48. Rf1 Qd6 49. hxg7+ Nxg7 50. Rf7 Qd1+ 51. Kh2 1-0

[Event "TOP 12 Feminin 2017"]

[Site "Mulhouse"]

[Date "2017.5.6"]

[Round "2.4"]

[White "Rossinot,Helene"]

[Black "Huisman,Chloe"]

[Result "0-1"]

[WhiteElo "2155"]
[BlackElo "2347"]

[EventDate "2017.??.??"]
[WhiteTeam "Vandoeuvre"]
[BlackTeam "Evry]

1. d4 Nf6 2. Nf3 g6 3. c4 Bg7 4. Nc3 O-O 5. e4 d6 6. Be2 e5 7. Bg5 Nbd7 8. O-O
h6 9. Bh4 c6 10. d5 c5 11. a3 Qb6 12. Qc2 Nh7 13. Rfb1 f5 14. b4 g5 15. exf5
gxh4 16. bxc5 Qxc5 17. Ne4 Qc7 18. Nxh4 Nc5 19. Ng6 Bxf5 20. Nxf8 Bxe4 21. Ne6
Bxc2 22. Nxc7 Rc8 23. Rc1 Bd3 24. Bxd3 Nxd3 25. Rd1 e4 0-1

[Event "Top12Feminin2017"]
[Site "Mulhouse"]
[Date "2017.05.07"]
[Round "3.1"]
[White "Haast, Anne"]
[Black "Paethz, Elisabeth"]
[Result "0-1"]
[WhiteElo "2305"]
[BlackElo "2474"]
[PlyCount "130"]
[WhiteTeam "Cannes"]
[BlackTeam "Mulhouse"]

1. e4 c5 2. Nf3 Nc6 3. d4 cxd4 4. Nxd4 Qb6 5. Nb3 Nf6 6. Nc3 e6 7. Bd3 d6 8.
Be3 Qc7 9. f4 a6 10. Qf3 b5 11. O-O-O Bb7 12. g4 Nd7 13. Qf2 Be7 14. g5 Rc8 15.
Kb1 Nb4 16. Rhf1 Nxd3 17. cxd3 b4 18. Ne2 Nc5 19. Nxc5 dxc5 20. f5 exf5 21.
exf5 Bd6 22. f6 g6 23. Qh4 Kd8 24. Bf4 Re8 25. Rfe1 Qd7 26. Qxh7 Bf3 27. Bxd6
Qxd6 28. Rd2 Bxe2 29. Rexe2 Rxe2 30. Rxe2 Qxd3+ 31. Rc2 Qd5 32. Qh4 Rc6 33. Qc4
Qxg5 34. Qxf7 Rxf6 35. Rd2+ Qxd2 36. Qxf6+ Kc7 37. Qe7+ Kb6 38. Qe6+ Ka5 39. b3
Qd1+ 40. Kb2 Qd4+ 41. Kb1 Qg1+ 42. Kb2 Qxh2+ 43. Kb1 Qg1+ 44. Kb2 Qf2+ 45. Ka1
Qf4 46. Kb2 g5 47. Qc6 Qe5+ 48. Kb1 Qe1+ 49. Kb2 Qe2+ 50. Kb1 Qe1+ 51. Kc2 Qe5
52. Qc8 Qe2+ 53. Kb1 Qd1+ 54. Kb2 Qd2+ 55. Kb1 Qd6 56. Qf5 Qe7 57. Qc8 Qe1+ 58.
Kb2 Qe5+ 59. Kb1 Kb6 60. Qd8+ Kc6 61. Qc8+ Kd5 62. Qd7+ Ke4 63. Qg4+ Qf4 64.
Qe6+ Kf3 65. Qxa6 Qe4+ 0-1

[Event "Top12Feminin2017"]
[Site "Mulhouse"]
[Date "2017.05.08"]
[Round "3.2"]
[White "Choisy, Mathilde"]
[Black "Bensdorf, Marlies"]
[Result "1/2-1/2"]
[WhiteElo "2153"]
[BlackElo "2237"]
[PlyCount "115"]
[WhiteTeam "Mulhouse"]
[BlackTeam "Cannes"]

1. e4 e6 2. d4 d5 3. Nc3 dxe4 4. Nxe4 Nd7 5. Nf3 Ngf6 6. Nxf6+ Nxf6 7. Bc4 c5
8. O-O cxd4 9. Nxd4 a6 10. c3 Bd6 11. Qe2 O-O 12. Bg5 Be7 13. Rad1 Qc7 14. Bd3
Nd5 15. Bxe7 Qxe7 16. Bc2 Qc7 17. Rfe1 Bd7 18. Qe4 Nf6 19. Qh4 Rfd8 20. Re3 h6
21. Rde1 Rac8 22. Rg3 Kf8 23. Rf3 Qc5 24. Rxf6 gxf6 25. Qxh6+ Ke8 26. Qh8+ Qf8
27. Qxf6 Qe7 28. Qh8+ Qf8 29. Qh7 Rc7 30. h4 Bc8 31. h5 Rd5 32. Nxe6 Bxe6 33.
Rxe6+ Re7 34. Rxe7+ Qxe7 35. Qg8+ Kd7 36. Qg4+ Kc7 37. Qc4+ Rc5 38. Qf4+ Kb6
39. g4 Ka7 40. Qe3 Qxe3 41. fxe3 Kb6 42. Kf2 Kc7 43. h6 Kd6 44. Bf5 Re5 45. h7
Re8 46. e4 Ke5 47. Ke3 Kf6 48. Kf4 Kg7 49. Ke3 Rd8 50. Ke2 b6 51. b3 Rd6 52. a4
a5 53. Ke3 Rd1 54. e5 Kh8 55. Bd3 Rg1 56. Bf5 Rd1 57. Bd3 Rg1 58. Bf5 1/2-1/2

[Event "Top12Feminin2017"]
[Site "Mulhouse"]
[Date "2017.05.07"]
[Round "3.3"]
[White "Verot, Melanie"]
[Black "Neuhauser, Salome"]
[Result "0-1"]
[WhiteElo "2047"]
[BlackElo "2094"]
[PlyCount "158"]
[WhiteTeam "Cannes"]
[BlackTeam "Mulhouse"]

1. d4 Nf6 2. c4 c5 3. e3 e6 4. Nf3 d5 5. Nc3 a6 6. cxd5 exd5 7. Be2 Nc6 8. O-O
c4 9. Ne5 Qc7 10. e4 dxe4 11. Nxc6 Qxc6 12. d5 Qc7 13. Bg5 Be7 14. Qa4+ Bd7 15.
Qxc4 Qxc4 16. Bxc4 b5 17. Bb3 O-O 18. d6 Bd8 19. Rfe1 Bc6 20. Rad1 Ra7 21. Bxf6
Bxf6 22. Nxe4 Bxb2 23. Ng5 Bf6 24. Nxf7 Raxf7 25. d7 b4 26. Rd6 Bb5 27. Rc1 Bd8
28. Rc8 g6 29. Rd4 g5 30. h4 Kg7 31. Bxf7 Kxf7 32. hxg5 Ke7 33. Rb8 Rg8 34.
Rxb4 Kxd7 35. Rd4+ Kc7 36. Ra8 Re8 37. Ra7+ Kb6 38. Rxh7 Bxg5 39. a4 Bc6 40.
Rb4+ Ka5 41. Rc4 Kb6 42. Rg7 Bf6 43. Rg6 Re6 44. g4 Bd5 45. Rc1 Be4 46. Rg8 Bd4
47. Rc4 Rh6 48. Rg6+ Rxg6 49. Rxd4 Rxg4+ 50. Kh2 Bf3 51. Rd6+ Bc6 52. a5+ Kb5
53. Rf6 Rg5 54. f4 Rg2+ 55. Kh3 Rf2 56. Kg3 Rf1 57. Kg4 Bd7+ 58. Kg5 Kxa5 59.
Rd6 Bc8 60. Rd8 Bh3 61. Rh8 Rf3 62. Rd8 Kb4 63. Rd4+ Kc5 64. Ra4 Kb5 65. Re4 a5
66. Re5+ Kb4 67. Re4+ Kb3 68. Re8 a4 69. Rb8+ Ka2 70. Rb4 a3 71. Kf6 Ka1 72.
Ke5 a2 73. Ke4 Rg3 74. Rb8 Bg2+ 75. Kd4 Rf3 76. Rg8 Rf2 77. Ke3 Rb2 78. Kd3 Kb1
79. Re8 a1=Q 0-1

[Event "Top12Feminin2017"]
[Site "Mulhouse"]
[Date "2017.05.07"]
[Round "3.4"]
[White "Richard, Emma"]
[Black "Gras, Delphine"]
[Result "1-0"]
[WhiteElo "2072"]
[BlackElo "1846"]
[PlyCount "101"]
[WhiteTeam "Mulhouse"]
[BlackTeam "Cannes"]

1. e4 c6 2. d4 d5 3. exd5 cxd5 4. Bf4 Nf6 5. c3 Nc6 6. Nd2 Bg4 7. Qb3 Qc8 8.
Ngf3 e6 9. h3 Bh5 10. g4 Bg6 11. Nh4 Ne4 12. Nxg6 Nxd2 13. Qd1 hxg6 14. Qxd2
Qd7 15. O-O-O Rc8 16. Kb1 a6 17. h4 Na5 18. Bd3 Nc4 19. Qc2 b5 20. Bxc4 Rxc4
21. Qd3 b4 22. cxb4 Bxb4 23. Rc1 Qb5 24. Rxc4 Qxc4 25. Qxc4 dxc4 26. Be5 f6 27.
Bg3 g5 28. Kc2 Ke7 29. Rh2 gxh4 30. Rxh4 Rxh4 31. Bxh4 g5 32. Bg3 Bd6 33. Kc3
Bxg3 34. fxg3 Kd6 35. Kxc4 f5 36. b4 fxg4 37. a4 Kc6 38. b5+ axb5+ 39. axb5+
Kd6 40. Kb4 Kd5 41. b6 Kxd4 42. b7 e5 43. b8=Q e4 44. Qd6+ Ke3 45. Kc3 Kf3 46.
Kd2 Kf2 47. Qe5 Kg2 48. Ke2 Kh3 49. Kf2 e3+ 50. Qxe3 Kh2 51. Qe6 1-0

[Event "Top12Feminin2017"]
[Site "Mulhouse"]
[Date "2017.05.07"]
[Round "3.3"]
[White "Retailleau, Elise"]
[Black "Safranska, Anda"]
[Result "0-1"]
[WhiteElo "2050"]
[BlackElo "2211"]
[PlyCount "118"]
[WhiteTeam "Sautron"]
[BlackTeam "Evry"]

1. e4 c5 2. Nf3 d6 3. d4 cxd4 4. Nxd4 Nf6 5. Nc3 a6 6. Be2 e6 7. O-O Be7 8. Re1
O-O 9. Bf3 Qc7 10. Nb3 Nc6 11. Bf4 Nd7 12. Qd2 Nde5 13. Be2 b5 14. Rad1 Rd8 15.
Qe3 Ng6 16. Bg3 Na5 17. Rd2 Nxb3 18. axb3 Bb7 19. Red1 h6 20. Rd4 e5 21. R4d3
b4 22. Na4 Bg5 23. Qb6 Qxc2 24. Qxb7 Qxe2 25. Qxb4 Rab8 26. Qe1 Qxe1+ 27. Rxe1
Kf8 28. f3 h5 29. Red1 h4 30. Bf2 Ke7 31. Kf1 Ke6 32. Nb6 Nf4 33. Rc3 Ng6 34.
Ra1 a5 35. Rc2 Nf4 36. Rxa5 h3 37. g3 Nd3 38. Ra3 Nxf2 39. Nc4 Nd3 40. Na5 Nb4
41. Rc4 Rdc8 42. Ra4 Rxc4 43. bxc4 Bd8 44. Rxb4 Rxb4 45. Nc6 Rxb2 46. Nxd8+ Kd7
47. Nxf7 Kc6 48. Kg1 Rg2+ 49. Kh1 Rf2 50. Kg1 Rxf3 51. Ng5 Re3 52. Kf2 Rc3 53.
Nxh3 Rxc4 54. Ng5 Rc2+ 55. Kg1 d5 56. exd5+ Kxd5 57. h4 e4 58. Kf1 e3 59. Nf3
Rf2+ 0-1

[Event "Top12Feminin2017"]
[Site "Mulhouse"]
[Date "2017.05.07"]
[Round "3.4"]
[White "Huisman, Chloe"]
[Black "Soubirou, Oriane"]
[Result "1-0"]
[WhiteElo "1927"]
[BlackElo "2106"]
[PlyCount "119"]
[WhiteTeam "Evry"]
[BlackTeam "Sautron"]

1. Nf3 c5 2. g3 Nc6 3. Bg2 e5 4. c4 Nf6 5. Nc3 Be7 6. O-O O-O 7. d3 d6 8. Ne1
Be6 9. Nc2 d5 10. cxd5 Nxd5 11. Ne3 Nb6 12. b3 Qc7 13. Ned5 Nxd5 14. Nxd5 Bxd5
15. Bxd5 Rad8 16. Bg2 f5 17. Qc2 Nd4 18. Qd1 e4 19. Bf4 Qc8 20. Re1 Ne6 21. Be5
exd3 22. exd3 Qd7 23. Qe2 Bf6 24. Rac1 b6 25. Bxf6 Rxf6 26. Rcd1 Nd4 27. Qb2 f4
28. Kh1 Qg4 29. Qc1 f3 30. Bf1 Ne2 31. Qc4+ Qe6 32. Bxe2 fxe2 33. Rxe2 Qxc4 34.
bxc4 Rfd6 35. Red2 Rd4 36. Kg2 Kf7 37. f4 Ke6 38. Kf2 Kd6 39. Re2 a6 40. a4 Rd7
41. Re5 Kc6 42. Ke2 g6 43. Re6+ Kc7 44. Re5 Kc6 45. Re3 Kc7 46. Rb1 R4d6 47.
Rb3 Kc6 48. Re8 Kc7 49. Re5 h5 50. a5 Kb7 51. Rxc5 Re7+ 52. Re5 Rc7 53. axb6
Rxb6 54. Rxb6+ Kxb6 55. Re6+ Rc6 56. Rxc6+ Kxc6 57. Kd2 Kc5 58. Kc3 a5 59. d4+
Kc6 60. Kb3 1-0

[Event "TOP 12 Feminin 2017"]
[Site "Mulhouse"]
[Date "2017.05.07"]
[Round "4.1"]
[White "Brunello, Marina"]
[Black "Paehtz, Elisabeth"]
[Result "0-1"]
[WhiteElo "2358"]
[BlackElo "2474"]
[PlyCount "142"]
[WhiteTeam "Villepinte"]
[BlackTeam "Mulhouse"]

1. e4 e5 2. Nf3 Nc6 3. Bc4 Nf6 4. d3 Be7 5. c3 O-O 6. O-O d5 7. exd5 Nxd5 8.
Re1 Bg4 9. Nbd2 a6 10. h3 Bh5 11. Ne4 Nb6 12. Bb3 Bg6 13. Ng3 Bf6 14. Bc2 Qd7
15. Ne4 Be7 16. Qe2 Rae8 17. Bg5 f6 18. Be3 Nd5 19. Bb3 Na5 20. Bc2 Nc6 21. Bb3
Bf7 22. Rad1 Bd6 23. Bc5 Nf4 24. Qe3 Bxb3 25. axb3 f5 26. Bxd6 cxd6 27. Ned2
Re6 28. Kh1 Rg6 29. Rg1 Ne7 30. Nh2 Qb5 31. c4 Qc6 32. Ndf3 Qc7 33. d4 Nc6 34.
Rde1 Re8 35. Nf1 Nh5 36. Nh4 Nxd4 37. Nxg6 hxg6 38. Rd1 Nf6 39. Nh2 f4 40. Qd3
Nf5 41. Ng4 Nxg4 42. Qd5+ Kf8 43. hxg4 Qe7 44. g3 Nd4 45. Kg2 Qe6 46. Qxe6 f3+
47. Kf1 Rxe6 48. Rd3 Kf7 49. Rh1 Re8 50. Ke1 Kf6 51. Kd2 Kg5 52. Rh4 Rc8 53.
Re3 b5 54. Rc3 bxc4 55. Rxc4 Nxb3+ 56. Kc3 Nc5 57. Kd2 d5 58. Rb4 d4 59. Rh2
Ne4+ 60. Kd3 Nf6 61. Rh4 Rc1 62. Ra4 Rd1+ 63. Kc4 Rd2 64. b4 Rxf2 65. Rxa6 Rc2+
66. Kb3 Rc3+ 67. Kb2 f2 68. Rh1 Kxg4 69. b5 Rc5 70. Ra3 Rxb5+ 71. Kc2 e4 0-1

[Event "TOP 12 Feminin 2017"]
[Site "Mulhouse"]
[Date "2017.05.07"]
[Round "4.2"]
[White "Neuhauser, Salome"]
[Black "Bellaiche, Elise"]
[Result "1-0"]
[WhiteElo "2094"]
[BlackElo "2063"]
[PlyCount "111"]
[WhiteTeam "Mulhouse"]
[BlackTeam "Bellaiche"]

1. e4 c5 2. Nf3 e6 3. c3 Nf6 4. e5 Nd5 5. d4 cxd4 6. cxd4 d6 7. Nc3 Nxc3 8.
bxc3 Qc7 9. Qb3 Nc6 10. Bf4 dxe5 11. Bxe5 Nxe5 12. Nxe5 Bd6 13. Bb5+ Kf8 14. f4
g6 15. O-O Kg7 16. Rae1 Rf8 17. Be2 b6 18. Bf3 Bb7 19. c4 Bxf3 20. Rxf3 Rac8
21. Rc1 Rfd8 22. Qe3 Be7 23. Kh1 Qd6 24. Rd1 f6 25. Rh3 Rh8 26. f5 fxe5 27.
Qh6+ Kf7 28. fxg6+ hxg6 29. Rf1+ Bf6 30. Rxf6+ Kxf6 31. Rf3+ Ke7 32. Qg7+ Kd8
33. Qxh8+ Kc7 34. Rf7+ Kb8 35. Qxe5 Qxe5 36. dxe5 Rxc4 37. Kg1 Re4 38. Rf6 Rxe5
39. Rxg6 a5 40. h4 a4 41. Kf2 b5 42. Rg5 Re4 43. Rxb5+ Kc7 44. g3 Kc6 45. Ra5
Kb6 46. Kf3 Rxh4 47. gxh4 Kxa5 48. a3 Kb5 49. h5 Kc4 50. h6 Kb3 51. h7 Kxa3 52.
h8=Q Ka2 53. Qh2+ Kb3 54. Qb8+ Ka2 55. Ke3 e5 56. Ke4 1-0

[Event "TOP 12 Feminin 2017"]
[Site "Mulhouse"]
[Date "2017.05.08"]
[Round "4.3"]
[White "Ionutiu, Adela"]
[Black "Richard, Emma"]
[Result "1/2-1/2"]
[WhiteElo "1899"]
[BlackElo "2072"]
[PlyCount "98"]
[WhiteTeam "Villepinte"]
[BlackTeam "Mulhouse"]

1. e4 c5 2. Nf3 Nc6 3. d4 cxd4 4. Nxd4 e5 5. Nb5 d6 6. c4 Be7 7. Be3 Nf6 8.
N1c3 a6 9. Na3 Ng4 10. Nc2 O-O 11. Nd5 Nxe3 12. Nxe7+ Qxe7 13. Nxe3 Nd4 14. Nc2
Bg4 15. Qd3 Nxc2+ 16. Qxc2 Rac8 17. Qd2 Be6 18. b3 f5 19. Bd3 f4 20. Be2 Rf6
21. Rd1 Bf7 22. Bg4 Rf8 23. Qd3 Kh8 24. Kd2 Qc7 25. Qc2 Qc5 26. Kc1 b5 27. cxb5
Qxb5 28. Qd3 Qc5+ 29. Qc2 Qb4 30. Rd3 Qxe4 31. Bf3 Qb4 32. Rc3 Bg6 33. Rc4 Qb5
34. Qd2 Bf7 35. Rc3 d5 36. Be2 Qb6 37. f3 a5 38. Qc2 Qb4 39. Rd1 Bg6 40. Qb2
Rd6 41. Bd3 Bxd3 42. Rcxd3 Qc5+ 43. Rc3 Qb6 44. Qe2 d4 45. Qxe5 Rfd8 46. Rcd3
a4 47. Qxf4 axb3 48. axb3 Qc5+ 49. Kb2 h6 1/2-1/2

[Event "TOP 12 Feminin 2017"]
[Site "Mulhouse"]
[Date "2017.05.07"]
[Round "4.4"]
[White "Haussernot, Cecile"]
[Black "Aubert, Estee"]
[Result "1/2-1/2"]
[WhiteElo "2099"]
[BlackElo "1829"]
[PlyCount "113"]
[WhiteTeam "Mulhouse"]
[BlackTeam "Villepinte"]

1. e4 c5 2. Nf3 e6 3. b3 Nc6 4. Bb2 d6 5. g3 Nf6 6. Qe2 g6 7. Bg2 Bg7 8. O-O
O-O 9. d4 cxd4 10. Nxd4 Nxd4 11. Bxd4 Qc7 12. c4 Bd7 13. Nc3 a6 14. Rad1 Rad8
15. e5 dxe5 16. Bxe5 Qc8 17. Rd4 Bc6 18. Rfd1 Rxd4 19. Rxd4 Bxg2 20. Kxg2 Rd8
21. Rxd8+ Qxd8 22. Qf3 Qe7 23. c5 Ne8 24. Bxg7 Kxg7 25. Ne4 Qc7 26. Qc3+ Kg8
27. Qd4 Qc6 28. f3 Qd5 29. Qa4 Kf8 30. Qb4 Kg7 31. Qc3+ e5 32. a4 Nc7 33. Nd6
Ne6 34. Ne8+ Kh8 35. Nf6 Qxc5 36. Qd2 Qe7 37. Ng4 f6 38. h4 Nd4 39. Qe3 Nf5 40.
Qe4 Nd6 41. Qd5 e4 42. h5 e3 43. Nxe3 Qxe3 44. Qxd6 Qe2+ 45. Kh3 Qf1+ 46. Kg4
gxh5+ 47. Kf4 Qc1+ 48. Kf5 Qg5+ 49. Ke6 Qe3+ 50. Kf7 Qxb3+ 51. Ke7 Qe3+ 52. Kf7
Qb3+ 53. Ke7 Qe3+ 54. Kf7 Qb3+ 55. Ke7 Qe3+ 56. Kf7 Qe8+ 57. Kxe8 1/2-1/2

[Event "TOP 12 Feminin 2017"]
[Site "Mulhouse"]
[Date "2017.05.07"]
[Round "4.2"]
[White "Bensdorf, Marlies"]
[Black "Vega Guttierez, Sabrina"]
[Result "1/2-1/2"]
[WhiteElo "2237"]
[BlackElo "2413"]
[PlyCount "65"]
[WhiteTeam "Cannes"]
[BlackTeam "Evry"]

1. d4 d5 2. c4 e6 3. Nf3 c6 4. Nbd2 f5 5. g3 Nf6 6. Bg2 Bd6 7. O-O Nbd7 8. b3
O-O 9. Bb2 b6 10. Ne5 Bb7 11. Ndf3 Qe7 12. cxd5 cxd5 13. Rc1 Rac8 14. Qd3 Nb8
15. Qb1 Ba6 16. Nd3 Ne4 17. Rxc8 Rxc8 18. Rc1 Rxc1+ 19. Qxc1 Qc7 20. Qxc7 Bxc7
21. Nfe5 Bxe5 22. dxe5 Bxd3 23. exd3 Nc5 24. Bf1 Nc6 25. d4 Nd7 26. Bc3 Kf7 27.
f4 h6 28. h4 h5 29. Kf2 Ke7 30. Ke3 Kd8 31. b4 Kc7 32. Be2 g6 33. a4 1/2-1/2

[Event "TOP 12 Feminin 2017"]
[Site "Mulhouse"]
[Date "2017.05.07"]
[Round "4.3"]
[White "Safranska, Anda"]
[Black "Verot, Melanie"]
[Result "1/2-1/2"]
[WhiteElo "2211"]
[BlackElo "2047"]
[PlyCount "73"]
[WhiteTeam "Evry"]
[BlackTeam "Cannes"]

1. e4 e5 2. Bc4 Nf6 3. d3 Be7 4. Nf3 d6 5. O-O O-O 6. a4 c6 7. Bb3 Bg4 8. h3
Bh5 9. Nbd2 Nbd7 10. c3 d5 11. Bc2 Qc7 12. Re1 Rfd8 13. Qe2 Rac8 14. Nf1 dxe4
15. dxe4 Bg6 16. Ng3 Nc5 17. Nh4 Ne6 18. Nhf5 Bf8 19. Qf3 b5 20. Nh4 b4 21.
Nxg6 hxg6 22. a5 Nf4 23. Be3 c5 24. Nf1 c4 25. Bxf4 exf4 26. e5 Nd5 27. Be4 Ne7
28. Qxf4 Nc6 29. Bxc6 Qxc6 30. Ng3 Qe6 31. Ne4 Be7 32. cxb4 Bxb4 33. Re2 Qf5
34. Qxf5 gxf5 35. Ng3 g6 36. Rc2 Rd5 37. a6 1/2-1/2

[Event "TOP 12 Feminin 2017"]
[Site "Mulhouse"]
[Date "2017.05.07"]
[Round "4.3"]
[White "Sidibe, Malika"]
[Black "Soubirou, Oriane"]
[Result "1/2-1/2"]
[WhiteElo "1881"]
[BlackElo "2106"]
[PlyCount "107"]
[WhiteTeam "Vandoeuvre"]
[BlackTeam "Sautron"]

1. e4 e6 2. d4 d5 3. exd5 exd5 4. Qf3 Nc6 5. c3 Nf6 6. h3 Bd6 7. Bd3 Ne4 8. Ne2
f5 9. Bf4 Be6 10. Bxd6 Qxd6 11. Qf4 Qd7 12. Nd2 O-O-O 13. Bxe4 dxe4 14. Nb3 Qe7
15. O-O-O g5 16. Qd2 Bxb3 17. axb3 f4 18. Rhe1 Qf7 19. Qc2 Rhe8 20. Ng1 Qd5 21.
f3 e3 22. Qxh7 Qxb3 23. Qf5+ Kb8 24. Qxg5 Rd5 25. Qg6 Rf8 26. Qc2 Qb6 27. Qe4
Ra5 28. Kc2 Ra2 29. Rb1 Qb5 30. Qe6 Ra6 31. Qe4 Qc4 32. Kd1 Na5 33. Ne2 Re6 34.
Qc2 Nb3 35. Nc1 Nd2 36. Ra1 Rg8 37. Qf5 Rb6 38. Qxf4 Rxb2 39. Qxe3 a6 40. Re2
Rxg2 41. Ra2 Rxa2 42. Nxa2 Nb1 43. Rxg2 Qf1+ 44. Kc2 Qxg2+ 45. Kxb1 Qxh3 46.
Nb4 Qf1+ 47. Kb2 Qc4 48. Qe5 Qf1 49. f4 Qf2+ 50. Kb3 Qd2 51. Qe4 a5 52. Nc2 a4+
53. Ka3 Qxd4 54. cxd4 1/2-1/2